| 000 | 00475nam a2200193 a 4500 | ||
|---|---|---|---|
| 005 | 20210219153059.0 | ||
| 008 | 991125n 000 0 spa u | ||
| 035 | _aUPN01000076689 | ||
| 100 | 1 | _aD'ormesson, Jean | |
| 222 | _aCORREO DE LA UNESCO | ||
| 245 | _aEntre la alegría y el esfuerzo | ||
| 300 | _a34-38 | ||
| 362 | 0 | _a1991 Año 44 may. | |
| 653 | 0 | _aDEPORTE | |
| 653 | 0 | _aHISTORIA | |
| 653 | 0 | _aJUEGOS OLIMPICOS | |
| 904 |
_aAC _b014500 |
||
| 905 | _aArticulo | ||
| 999 |
_c67934 _d67934 |
||